| 000 | 00705nam a2200205Ia 4500 | ||
|---|---|---|---|
| 003 | GCL | ||
| 008 | 140319s9999 xx 000 0 ara d | ||
| 040 |
_aGCL / _cGCL |
||
| 082 | 0 | 4 |
_a810.8 _bا ا |
| 100 | 1 | _aلجنة نشر المؤلفات التيموريه | |
| 245 | 1 | 0 |
_aاعلام الفكر الاسلامى فى العصر الحديث / _cلجنة نشر المؤلفات التيموريه |
| 700 | 1 | _aاحمد تيمور | |
| 260 |
_a[S.N] : _bلجنة نشر المؤلفات التيموريه ، _c1967 |
||
| 300 | _a379 ص | ||
| 490 | _a | ||
| 650 | 0 | 4 | _aالعالم العربى |
| 650 | 0 | 4 | _aالتاريخ الاسلامى |
| 650 | 0 | 4 | _aاعلام العرب |
| 942 |
_2ddc _cBK |
||
| 999 |
_c58618 _d58618 |
||